000 00296nam a22001337a 4500
008 181031b xxu||||| |||| 00| 0 eng d
020 _a874845742
041 _aeng
080 _a610
100 _a4
101 _aSHM
245 _aEthical Issues in Modern Medicine
_cArras, J
942 _2udc
_cBK
999 _c51364
_d51364